| 000 | 00356nam a22001337a 4500 | ||
|---|---|---|---|
| 020 | _a978-93-13165-87-3 | ||
| 082 |
_a500 _bSIN/F |
||
| 100 | _aYP SINGH, KP SINGH, MADHULIKA PURI | ||
| 245 |
_aSAMPLE QUESTION PAPERS SCIENCE _bCLASS X |
||
| 260 |
_aDELHI _bARIHANT PRAKASHAN |
||
| 300 | _a212 | ||
| 650 |
_aSCIENCE SAMPLE PAPERS FOR CLASS X _zINDIA |
||
| 942 | _cBK | ||
| 999 |
_c810 _d810 |
||